Mamu zachránila pred istou smrťou Ocenenie za humanitný čin roka získala aj Košičanka Martinka Havlová

Bibliographic Details
Main Author: Partila, Pavol (Author)
Format: Article
Language:Slovak
PhysicalDescription:3 obr.
Subjects:

MARC

LEADER 00000nab a2200000 a 4500
001 vtls000928843
003 SK-MaSNL
005 20260303033042.0
008 190925e20030314xo 0 slo
035 |a KE37720 
040 |a KEVKJB  |b slo  |c KEVKJB  |e AACR2 
041 0 |a slo 
044 |a xo  |c SK 
080 |a 614.81  |2 1981 
080 |a 06.068  |2 1981 
080 |a 929  |2 1981 
100 1 |a Partila, Pavol  |4 aut  |9 878032 
245 1 0 |a Mamu zachránila pred istou smrťou  |b Ocenenie za humanitný čin roka získala aj Košičanka Martinka Havlová 
300 |b 3 obr. 
590 |a Havlová, Martina  |b študentka 
600 1 7 |a Havlová, Martina  |2 KEVKJB  |9 1016265 
611 1 7 |a Humanitný čin roka 2002  |2 KEVKJB  |9 1016266 
650 0 7 |a záchrana života  |2 KEVKJB  |9 884603 
650 0 7 |a Cena novinárov  |2 KEVKJB  |9 1016267 
650 0 7 |a informácie  |2 KEVKJB  |9 1285 
651 7 |a Košice (Slovensko)  |2 KEVKJB  |9 18694 
651 7 |a KE,  |2 KEVKJB  |9 877256 
655 7 |a periodikum  |2 snkbucl  |9 29553 
773 0 8 |t Košický večer  |g Roč. 14  |g Roč. 35, 14.3.2003, s. 1 
773 0 8 |i Príl.:  |t Magazín. - Roč. 8, č. 11 (2003) 
852 |a ZVYKNI  |b KIS3GCP 
999 |c 1668413  |d 1670343